Pastoral de nuestro santísimo padre Benedicto XIV (Record no. 8665)

MARC details
000 -CABECERA
campo de control de longitud fija 00965nam a2200241 a 4500
001 - NÚMERO DE CONTROL
campo de control BRCA_9014
005 - FECHA Y HORA DE LA ÚLTIMA TRANSACCIÓN
campo de control 20190320210508.0
008 - DATOS DE LONGITUD FIJA--INFORMACIÓN GENERAL
campo de control de longitud fija 200717s1790----sp-a######---#000-0#spa-#
041 ## - CÓDIGO DE LENGUA
Código de lengua del texto/banda sonora o título independiente spa
044 ## - CÓDIGO DEL PAÍS DE LA ENTIDAD EDITORA/PRODUCTORA
Código MARC del país sp
084 ## - OTRO NÚMERO DE CLASIFICACIÓN
Número de clasificación BE64
Número de documento/Ítem .R38 1790
100 1# - ENTRADA PRINCIPAL--NOMBRE DE PERSONA
Nombre de persona Raulin, Juan Facundo
Término indicativo de función/relación tr.
9 (RLIN) 22359
245 10 - MENCIÓN DE TÍTULO
Título Pastoral de nuestro santísimo padre Benedicto XIV
Resto del título de gloriosa memoria, siendo Cardenal Arzobispo de la Santa Iglesia de Bolonia ; e instrucciones eclesiásticas para su diócesi
Mención de responsabilidad, etc. traducidas del toscano por el Fr. Juan Facundo Raulin.
260 ## - PUBLICACIÓN, DISTRIBUCIÓN, ETC.
Lugar de publicación, distribución, etc. Madrid
Nombre del editor, distribuidor, etc. En la Imprenta Real
Fecha de publicación, distribución, etc. 1790
300 ## - DESCRIPCIÓN FÍSICA
Extensión [38], 384 p. (t.1, 6a impresión)
Dimensiones 21.7 x 15 cm
500 ## - NOTA GENERAL
Nota general Con las licencias necesarias
500 ## - NOTA GENERAL
Nota general Estado físico: presenta encuadernación en pergamino con cintas
600 14 - PUNTO DE ACCESO ADICIONAL DE MATERIA--NOMBRE DE PERSONA
Nombre de persona Benedicto XIV
Títulos y otros términos asociados al nombre Papa
Fechas asociadas al nombre 1675-1758
9 (RLIN) 22360
650 14 - PUNTO DE ACCESO ADICIONAL DE MATERIA--TÉRMINO DE MATERIA
Término de materia o nombre geográfico como elemento de entrada Iglesia católica
Subdivisión general Disciplina
9 (RLIN) 463
651 #4 - PUNTO DE ACCESO ADICIONAL DE MATERIA--NOMBRE GEOGRÁFICO
Nombre geográfico Bolonia (Arquidiócesis)
9 (RLIN) 22361
902 ## - CATALOGADOR
Iniciales CFM
942 ## - ELEMENTOS DE PUNTO DE ACCESO ADICIONAL (KOHA)
Fuente del sistema de clasificación o colocación Library of Congress Classification
Tipo de ítem Koha Libros
Holdings
Estado de retiro Estado de pérdida Estado dañado No para préstamo Localización permanente Ubicación/localización actual Fecha de adquisición Total de préstamos Signatura topográfica completa Código de barras Fecha visto por última vez Precio válido a partir de Tipo de ítem Koha
El ejemplar forma parte de la colección y puede ser consultado según las políticas vigentes.       Biblioteca del Museo Franz Mayer (Rogerio Casas-Alatriste) Biblioteca del Museo Franz Mayer (Rogerio Casas-Alatriste) 20/07/2017   BE64 .R38 1790 CFM00396 22/03/2019 22/03/2019 Libros